| 000 | 01208cam a22002533a 4500 | ||
|---|---|---|---|
| 001 | 26019 | ||
| 003 | PGUSA | ||
| 005 | 20140828083547.0 | ||
| 008 | 080710s2008||||xxu|||||s|||||000 | eng d | ||
| 040 |
_aPGUSA _beng |
||
| 042 | _adc | ||
| 050 | 4 | _aPZ | |
| 100 | 1 |
_aJacobs, Joseph, _d1854-1916 |
|
| 245 | 1 | 0 |
_aEuropa's Fairy Book _h[electronic resource] / _cJoseph Jacobs |
| 260 |
_bProject Gutenberg, _c2008 |
||
| 505 | 0 | _aCinder-Maid -- All Change -- The King of the Fishes -- Scissors -- Beauty and the Beast -- Reynard and Bruin -- The Dancing Water, Singing Apple, and Speaking Bird -- The Language of Animals -- The Three Soldiers -- A Dozen at a Blow -- The Earl of Cattenborough -- The Swan Maidens -- Androcles and the Lion -- Day Dreaming -- Keep Cool -- The Master Thief -- The Unseen Bridegroom -- The Master-Maid -- A Visitor from Paradise -- Inside Again -- John the True -- Johnnie and Grizzle -- The Clever Lass -- Thumbkin. | |
| 506 | _aPublic domain in the USA. | ||
| 516 | _aElectronic text | ||
| 653 | _aFairy tales -- Europe | ||
| 700 | 1 |
_aBatten, John Dickson, _d1860-1932 |
|
| 830 | 0 |
_aProject Gutenberg _v26019 |
|
| 856 | 4 | 0 | _uhttp://www.gutenberg.org/ebooks/26019 |
| 942 | _cEB | ||
| 999 |
_c255274 _d255274 |
||